| 000 | 00866nam a2200277Ia 4500 | ||
|---|---|---|---|
| 005 | 20220317001106.0 | ||
| 008 | 160825s2009 ck g 000 0 spa | ||
| 020 | _a97895804916012 | ||
| 100 | 1 |
_aGonzález, Tomás _d1950 |
|
| 245 | 1 | 0 |
_aPrimero estaba el mar _cTomás González |
| 250 | _a6a. edición | ||
| 300 |
_a125 páginas _c19 cm |
||
| 490 | _aLa otra orilla | ||
| 500 | _aIncluye datos biográficos | ||
| 650 | 1 | 4 |
_2LEMB _aNovela colombiana _ySiglo XX |
| 650 | 1 | 4 |
_2LEMB _aLiteratura colombiana _ySiglo XX |
| 650 | 1 | 4 |
_2LEMB _aMar en la literatura |
| 650 | 1 | 4 | _aRelaciones de pareja en la literatura |
| 942 |
_2loc _cBKLIT |
||
| 264 |
_aBogotá _bNorma _c2009 |
||
| 336 |
_atexto _btxt _2rdacontent |
||
| 337 |
_asin mediación _bn _2rdamedia |
||
| 338 |
_avolumen _bnc _2rdacarrier |
||
| 040 |
_aCO-BoRNBP _bspa _erda _cCO-BoRNBP |
||
| 084 | _aN GON1 | ||
| 999 |
_c5900 _d5900 |
||